Mikrobiologie v hygieně výživy
Uložené v:
| Hlavný autor: | |
|---|---|
| Médium: | Kniha |
| Jazyk: | Undetermined |
| Vydavateľské údaje: |
Praha
Avicenum
1984
|
| On-line prístup: | View in OPAC |
| Tagy: |
Žiadne tagy, Buďte prvý, kto otaguje tento záznam!
|
MARC
| LEADER | 00000nam a2200000 a 4500 | ||
|---|---|---|---|
| 005 | 20260127134218.0 | ||
| 008 | 970315s1984 xx 0 und c | ||
| 035 | |a vtls001280205 | ||
| 035 | |a SNK000231581 | ||
| 039 | 9 | |a 201110130953 |b mschk03 |y 200412271357 |z VLOAD | |
| 040 | |a SNK |b slo |c SNK |d STUSCHK1 |e AACR2 | ||
| 100 | 1 | |a Hrubý, Stanislav | |
| 245 | 1 | |a Mikrobiologie v hygieně výživy | |
| 260 | |a Praha |b Avicenum |c 1984 | ||
| 300 | |a 206 s. | ||
| 910 | |a SCHK95 | ||
| 999 | |c 6815 |d 6815 | ||